| 000 | 00878nam a22002057a 4500 | ||
|---|---|---|---|
| 999 |
_c14228 _d14228 |
||
| 003 | MIRAKIL | ||
| 005 | 20201123121754.0 | ||
| 008 | 201123b tu ||||| |||| 00| 0 tur d | ||
| 040 |
_aTR-AnCHP _cTR-AnCHP |
||
| 041 | _aTur | ||
| 082 |
_aATA 355.09561 _bA72 1973 |
||
| 245 |
_aAtatürk'ün Silahlı Kuvvetlerle ilgili Söylev, Demeç, Tamim ve Telgrafları / _cDerleyen : Raşit Metel. |
||
| 260 |
_aİstanbul: _bDeniz Kuvvetleri Komutanlığı, _c1973. _fDeniz Basımevi. |
||
| 300 |
_a184 s.: _c24 sm. |
||
| 504 | _aKaynakça vardır. | ||
| 600 | 1 | 4 |
_91465 _aAtatürk, Gazi Mustafa Kemal _cTürkiye Cumhuriyeti 1. Cumhurbaşkanı _d1881-1938 _xSilahlı Kuvvetler |
| 600 | 1 | 4 |
_91465 _aAtatürk, Gazi Mustafa Kemal _cTürkiye Cumhuriyeti 1. Cumhurbaşkanı _d1881-1938 _xSöylev ve demeçler |
| 650 | 0 |
_95415 _aCumhurbaşkanları _xSöylev ve demeçler _zTürkiye |
|
| 942 |
_2ddc _cBKS |
||